Biblioteka Instytutu Północnego w Olsztynie

Widok standardowy Widok MARC

Pozycja Personal Name

Liczba rekordów, w których użyto hasła: 1

001 - Numer kontrolny

  • control field: 39984

003 - Identyfikator numeru kontrolnego

  • control field: NUKAT

005 - Data i czas ostatniej modyfikacji

  • control field: 20260414104711.0

008 - Dane kontrolne kodowane (40 znaków)

  • fixed length control field: 260414n||a|znnaabn |a aaa |c

010 ## - Numer kontrolny Biblioteki Kongresu

  • numer kontrolny LC: n 2026064614

024 7# - OTHER STANDARD IDENTIFIER

  • Standard number or code: 311139623
  • Source of number or code: viaf

035 ## - Numer systemowy

  • numer systemowy: (PlWaBN)p 2016127318

035 ## - Numer systemowy

  • numer systemowy: a23186586

035 ## - Numer systemowy

  • numer systemowy: (PL)a0000002318658

040 ## - Instytucja sporządzająca rekord

  • inst. przygot. dane do rek. khw: OLSZT 008/bak
  • język haseł przedmiotowych/tezaurus: kaba
  • inst. wprow. rek. khw: OLSZT 008/bak

043 ## - Kod obszaru geograficznego

  • ISO code: PL

046 ## - Special dates

  • Birth date: 1898
  • Death date: 1986

100 1# - Hasło - nazwa osobowa

  • nazwa osobowa w formie ujednoliconej: Bołdyriw, Tichon
  • daty biograficzne: (1898-1986).

370 ## - Associated place

  • Country: Polska

375 ## - Gender

  • Gender: 1
  • Source of term: iso5218

377 ## - Assoc lang

  • Lang code: pol

400 1# - Trop zob. - nazwa osobowa

  • nazwa osobowa (nazwisko, imiona): Bołdyriw, Tichon Akiłowicz
  • daty biograficzne: (1898-1986)

400 1# - Trop zob. - nazwa osobowa

  • nazwa osobowa (nazwisko, imiona): Bołdyriw, T.
  • daty biograficzne: (1898-1986)

670 ## - Źródło informacji

  • źródło informacji: Roczny plan produkcji pasz / T. Bołdyriw. - Katowice, [1948].

670 ## - Źródło informacji

  • źródło informacji: Słownik biograficzny Ziemi Cieszyńskiej. Suplement / J. Golec, S. Bojda. - Cieszyn, 2014.
  • gdzie znaleziono informację: Biogram

682 ## - Informacja o usuniętym haśle

  • tekst wyjaśniający: zmienione z:
  • zastąpione hasło: Bołdyriw, T.
Biblioteka Instytutu Północnego, ul. Partyzantów 87, 10-402 Olsztyn, email: biblioteka(at)ip.olsztyn.pl